000 00407nam a2200181Ia 4500
001 20631
005 20260306172820.0
008 260306t2010||||xx |||||||||||||| ||spa||
041 _aESP
082 _a343.6
_bC32
100 _aCassagne, Juan Carlos
_eAUT
245 0 _aDerecho administrativo
260 _c2010
300 _a
_c24 cm.
650 _aGEN
654 _aCDE
942 _cLIB
_dJUS
_fJUS
_2ddc
_n
999 _c20631
_d20631